Countries of North America - Statistics

General Stats
  • This quiz has been taken 33 times
    24 since last reset
  • The average score is 19 of 23
Answers on the Map
Answers color-coded by a green-red scale on the quiz's map according to % correct below.
 
Answer Stats
Answer % Correct
Canada
100%
Cuba
100%
Jamaica
100%
Mexico
100%
United States of America
100%
Dominica
93%
Dominican Republic
93%
Haiti
93%
St. Lucia
93%
Bahamas
79%
Barbados
79%
Costa Rica
79%
El Salvador
79%
Guatemala
79%
Honduras
79%
Panama
79%
St. Kitts and Nevis
79%
Antigua and Barbuda
71%
Belize
71%
St. Vincent
71%
Grenada
64%
Nicaragua
64%
Trinidad and Tobego
21%
No matching quizzes found
Score Distribution
Percent of People with Each Score
Percentile by Number Answered
Your Score History
You have not taken this quiz since the last reset